Statistics for Municipalities of Menominee County, Wisconsin

Click here to take the quiz!

General Stats

  • This quiz has been taken 22 times
  • The average score is 4 of 6

Answers on the Map

Answers color-coded by a green-red scale on the quiz's map according to % correct below.
 

Answer Stats

Answer% Correct
Town of Menominee
88%
Census Designated Place of Keshena
63%
Census Designated Place of Zoar
63%
Census Designated Place of Legend Lake
50%
Census Designated Place of Middle Village
50%
Census Designated Place of Neopit
50%

Score Distribution

Percentile by Number Answered

Percent of People with Each Score

Your Score History

You have not taken this quiz